Giáo trình cho sinh viên các trường, lớp dự bị đại học địa lí
Địa lý đại cương; Địa lý kinh tế xã hội thế giới; Địa lý Việt Nam
Sparad:
| Institutionella upphovsmän: | , |
|---|---|
| Materialtyp: | Bok |
| Språk: | Vietnamese |
| Publicerad: |
Cần Thơ
Đại học Cần Thơ
2013
|
| Serie: | Sách Dự án phát triển giáo viên THPT & TCCN
|
| Ämnen: | |
| Taggar: |
Lägg till en tagg
Inga taggar, Lägg till första taggen!
|
| Thư viện lưu trữ: | Mạng thư viện Đại học Đà Nẵng |
|---|
| LEADER | 01651nam a2200385 4500 | ||
|---|---|---|---|
| 001 | 000018461 | ||
| 003 | 14893 | ||
| 005 | 20131112111137.0 | ||
| 008 | 131112s2013 viesd | ||
| 041 | 0 | |a vie | |
| 082 | 1 | 4 | |a 910.71 |b BÔG |
| 110 | 1 | |a Bộ Giáo dục và đào tạo | |
| 245 | 1 | 0 | |a Giáo trình cho sinh viên các trường, lớp dự bị đại học địa lí |c Bộ Giáo dục và Đào tạo, Ngân hàng phát triển Châu Á |
| 246 | |a Giáo trình cho sinh viên các trường, lớp dự bị đại học địa lý | ||
| 260 | |a Cần Thơ |b Đại học Cần Thơ |c 2013 | ||
| 300 | |a 363 tr. |b bản đồ màu |c 27 cm. | ||
| 490 | |a Sách Dự án phát triển giáo viên THPT & TCCN | ||
| 500 | |a Sách Dự án phát triển giáo viên THPT & TCCN - Trường Đại học sư phạm, Đại học Huế | ||
| 520 | 3 | |a Địa lý đại cương; Địa lý kinh tế xã hội thế giới; Địa lý Việt Nam | |
| 650 | 0 | 4 | |a Địa lý |x Dạy và học |
| 650 | 0 | 4 | |a Địa lý |x Giáo dục đại học |
| 653 | |a Địa lý | ||
| 653 | |a Địa lí | ||
| 653 | |a Giáo dục đại học | ||
| 710 | 1 | |a Ngân hàng phát triển Châu Á | |
| OWN | |a LSP | ||
| AVA | |a UDN50 |b LSP |d 910.71 BÔG |e available |t Error 5001 Not defined in file expand_doc_bib_avail. |f 4 |g 0 |h N |i 2 |k 1 | ||
| 999 | |a From the UDN01 | ||
| AVA | |a UDN50 |b LSP |d 910.71 BÔG |e available |t Error 5001 Not defined in file expand_doc_bib_avail. |f 4 |g 0 |h N |i 2 |k 1 | ||
| TYP | |a Monograph | ||
| TYP | |a Printed language | ||
| 980 | |a Mạng thư viện Đại học Đà Nẵng | ||